La pâtisserie - G - Statistiques

Statistiques générales
  • Ce quiz a été pris 48 fois
    9 depuis la dernière actualisation
  • Le résultat moyen est 11 sur 15
Statistiques - réponses
Par images Réponse % Correct
{Galette} {des} {rois}
100%
Gaufre
100%
{Gousse} de vanille
100%
Sucre {glace}
100%
Gingembre
88%
Glaçage
88%
Groseilles
88%
Guimauve
88%
Gélatine
75%
Ganache
63%
Génoise
63%
{Gâteau} {basque}
38%
Guitare
38%
Gouttière
25%
Griottes
25%
Aucun quiz correspondant
Distribution des résultats
% des personnes avec chaque résultat
Percentile par nombre de réponses
Votre historique - résultats
Vous n’avez pas pris ce quiz depuis la dernière actualisation